| 000 | 01544nam0a2200373 4500 | ||
|---|---|---|---|
| 001 | RU\NLR\BIBL_A\022060222 | ||
| 005 | 20250625104416.0 | ||
| 010 |
_a978-5-907183-64-3 _9700 |
||
| 021 |
_aRU _b2023-831и _9АЛ-П-174 |
||
| 035 | _a(RuMoRGB)012130976 | ||
| 035 | _a(NLR Aleph) 022060222 | ||
| 090 |
_a12625132 _c12625132 |
||
| 100 | _a20231026d2023 |||y0rusy50 ca | ||
| 101 | 0 | _aeng | |
| 102 | _aRU | ||
| 105 | _aa b 100zy | ||
| 181 | 1 |
_ai _b e |
|
| 182 | 1 | _an | |
| 200 | 1 |
_aHouse & Garden _e[catalogue was published in conjunction with Sergey Sapozhnikov's House & Garden Moscow at GES-2 House of culture, June 8 - September 17, 2023 _feditor-in-chief Francesco Bonami] |
|
| 203 |
_aТекст _bвизуальный _cнепосредственный |
||
| 210 |
_aMoscow _cV-A-C press _dcop. 2023 |
||
| 215 |
_a161, [7] с. _cил., цв. ил. _d31 |
||
| 333 | _a12+ | ||
| 541 | 1 | _aДом & Сад | |
| 600 | 1 |
_aСапожников _bС. А. _f1984 _gСергей Анатольевич _jКаталоги _xВыставки _yМосква, город _z2023 _92566935 _3RU\NLR\AUTH\6601729973 |
|
| 686 | 1 | _aЩ163(2Р=Рус)8-8Сапожников С. л62 | |
| 702 | 1 |
_aBonami _bF. _gFrancesco _4340 |
|
| 702 | 1 |
_aSapožnikov _bS. A. _f1984- _gSergej Anatol'evič _4570 |
|
| 711 | 1 | 0 |
_7ba _8eng _aSapozhnikov, _eMoscow _f2023 _gSergey _hExhibition "House & Garden" _9873124 _3RU\NLR\AUTH\880601273 |
| 942 | _cBOOK | ||
| 980 | _aNB | ||